000 00686nam a2200205Ii 4500
003 JO-AjNU
008 230605s9999||||xx |||||||||||||| ||und||
040 _aJO-AjNU
_bara
_erda
_cJO-AjNU
041 _aara
050 1 4 _aGF41.F436 1984
100 3 _aالصقار، فؤاد محمد، م.مشارك الفيل، محمد رشيد,
_eauthor
_913268
245 0 0 _aأصول جغرافية البشرية
250 _aط2
264 3 1 _aالكويت: وكالة المطبوعات، 1984
300 _a336ص
336 _atext
_btxt
_2rdacontent
337 _aunmediated
_bn
_2rdamedia
338 _avolume
_bnc
_2rdacarrier
650 4 _aالجغرافية البشرية-اصول
_913269
999 _aA3259
_c6827
_d6827